[Event "Vasteras Open"]
[Site "Vasteras"]
[Date "2014.09.26"]
[Round "1.1"]
[White "Kunin, Vitaly"]
[Black "Bast, Billy"]
[Result "1-0"]
[WhiteElo "2580"]
[BlackElo "1958"]

1.e4 e6 2.d3 d5 3.Nd2 Nf6 4.Ngf3 Nc6 5.c3 dxe4 6.dxe4 Be7 7.Bb5 Bd7 8.O-O 
a6 9.Bd3 O-O 10.e5 Ng4 11.Qe2 f6 12.exf6 Nxf6 13.Ne4 Qe8 14.Nxf6+ Bxf6 15.
Bf4 e5 16.Bg3 Bg4 17.h3 Bh5 18.Be4 Rd8 19.Rad1 Rxd1 20.Rxd1 Bg6 21.Bd5+ 
Kh8 22.Bxc6 Qxc6 23.Nxe5 Bxe5 24.Qxe5 Bc2 25.Qe7 Qe8 26.Rd7 Qxe7 27.Rxe7 
Rc8 28.Bxc7 Kg8 29.Be5 g6 30.Rxb7 1-0

[Event "Vasteras Open"]
[Site "Vasteras"]
[Date "2014.09.26"]
[Round "1.2"]
[White "Segerstrom, Tore"]
[Black "Solodovnitjenko, Jurij"]
[Result "0-1"]
[WhiteElo "1958"]
[BlackElo "2566"]

1.e4 g6 2.d4 Bg7 3.c4 c5 4.Be3 cxd4 5.Bxd4 Bxd4 6.Qxd4 Nf6 7.Nc3 Nc6 8.Qd2
O-O 9.Be2 d6 10.Nf3 Bg4 11.h3 Bxf3 12.Bxf3 Rc8 13.Be2 Qa5 14.b3 Qe5 15.f4 
Qc5 16.Bf3 Nd4 17.Rf1 b5 18.Nxb5 Nxb5 19.cxb5 Qxb5 20.Kf2 Qb6+ 21.Kg3 Rc5 
22.Rac1 Rfc8 23.Rxc5 Qxc5 24.Rd1 Qc2 25.Kh2 Qc7 26.Qd4 h5 27.Rd2 h4 28.a4 
Qc1 29.g3 Rc2 30.Rg2 hxg3+ 31.Kxg3 e5 32.fxe5 Qg5+ 33.Kh2 Qf4+ 0-1

[Event "Vasteras Open"]
[Site "Vasteras"]
[Date "2014.09.26"]
[Round "1.3"]
[White "Berg, Emanuel"]
[Black "Arvidsson, Jonas"]
[Result "1-0"]
[WhiteElo "2555"]
[BlackElo "1954"]

1.e4 Nf6 2.e5 Nd5 3.d4 d6 4.c4 Nb6 5.exd6 exd6 6.d5 Be7 7.Bd3 N8d7 8.Ne2 
Ne5 9.h3 Nxd3+ 10.Qxd3 Nd7 11.O-O Ne5 12.Qc2 O-O 13.Be3 Bf6 14.Nd4 Bd7 15.
Nd2 Qc8 16.Ne4 Be7 17.f4 Ng6 18.f5 Ne5 19.f6 Bxf6 20.Rxf6 gxf6 21.Nxf6+ 
Kg7 22.Qxh7+ Kxf6 23.Qh4+ Kg7 24.Bh6+ 1-0

[Event "Vasteras Open"]
[Site "Vasteras"]
[Date "2014.09.26"]
[Round "1.4"]
[White "Kardell, Mathias"]
[Black "Hillarp, Persson Tiger"]
[Result "0-1"]
[WhiteElo "1953"]
[BlackElo "2552"]

1.e4 g6 2.d4 Bg7 3.Nf3 d6 4.Bd3 Nf6 5.Be3 O-O 6.Nc3 a6 7.Qd2 b5 8.a3 Nc6 
9.h3 e5 10.dxe5 dxe5 11.O-O Bb7 12.Rfd1 Re8 13.Bg5 Nd4 14.Qe3 c5 15.Rd2 
Qc7 16.Rad1 Rad8 17.Nh2 Ne6 18.Ng4 Nxg4 19.hxg4 Rd4 20.f3 f6 21.Bh4 Red8 
22.Bf2 Bf8 23.Qe1 c4 24.Bf1 Rxd2 25.Rxd2 Rxd2 26.Qxd2 Bc5 27.Bxc5 Qxc5+ 
28.Qf2 Qxf2+ 29.Kxf2 Nd4 30.a4 Bc6 31.axb5 axb5 32.b3 Nxc2 33.bxc4 b4 34.
Nd1 Nd4 35.Ke3 Kf8 36.Kd3 Ke7 37.Ne3 Kd6 38.Nd1 h5 39.gxh5 gxh5 40.Ne3 h4 
41.Ng4 f5 42.exf5 Nxf5 43.Nf2 Kc5 44.Nd1 Ng3 45.Ne3 e4+ 46.Kc2 exf3 47.
gxf3 Nxf1 48.Nxf1 Bxf3 49.Kb3 Bd1+ 50.Kb2 Be2 51.Ne3 Bxc4 52.Kc2 h3 53.Ng4
Be6 54.Nh2 Kd4 55.Kd2 Ke4 56.Ke2 b3 57.Kd2 Kf4 58.Kc3 Bc4 0-1

[Event "Vasteras Open"]
[Site "Vasteras"]
[Date "2014.09.26"]
[Round "1.5"]
[White "Johannessen, Leif Erlend"]
[Black "Andersson, Kjell-Ake"]
[Result "1-0"]
[WhiteElo "2526"]
[BlackElo "1949"]

1.d4 d5 2.c4 c6 3.Nf3 Nf6 4.e3 Bf5 5.Nc3 e6 6.Nh4 Bg6 7.Nxg6 hxg6 8.Bd3 
Nbd7 9.O-O Qc7 10.h3 Be7 11.Rb1 O-O 12.c5 e5 13.b4 a6 14.a4 exd4 15.exd4 
Nh5 16.Qf3 Rfe8 17.g4 Nhf6 18.Bf4 Qc8 19.Kg2 Nh7 20.Qg3 Nhf8 21.g5 Ne6 22.
Be3 Ndf8 23.f4 Qc7 24.h4 b6 25.cxb6 Qxb6 26.a5 Qd8 27.Rh1 Bd6 28.h5 Qc7 
29.Ne2 Rab8 30.h6 Nxg5 31.Qxg5 Rxe3 32.hxg7 Kxg7 33.f5 Rxe2+ 34.Bxe2 f6 
35.Qh6+ Kf7 36.fxg6+ Nxg6 37.Qh7+ Kf8 38.Qxg6 Qg7 39.Qxg7+ Kxg7 40.Bxa6 
Re8 41.Bd3 Re3 42.Rh3 Re7 43.Rh7+ Kf8 44.Rxe7 1-0

[Event "Vasteras Open"]
[Site "Vasteras"]
[Date "2014.09.26"]
[Round "1.6"]
[White "Evertsson, Rune"]
[Black "Blomqvist, Erik"]
[Result "0-1"]
[WhiteElo "1947"]
[BlackElo "2506"]

1.e4 c5 2.c3 d5 3.exd5 Qxd5 4.d4 Nc6 5.Nf3 Bf5 6.Na3 cxd4 7.Bc4 Qe4+ 8.Be3
e6 9.cxd4 Bb4+ 10.Kf1 Nf6 11.Nb5 O-O 12.Ng5 Qc2 13.Qxc2 Bxc2 14.a3 Be7 15.
Nc7 Na5 16.Nxa8 Nxc4 17.Nc7 Rc8 18.Nb5 Bd3+ 19.Ke1 Nxe3 20.fxe3 Bxb5 21.
Nf3 Rc2 22.Nd2 Ng4 23.Kd1 Nxe3+ 24.Ke1 Nxg2+ 25.Kd1 Ne3+ 26.Ke1 Bh4# 0-1

[Event "Vasteras Open"]
[Site "Vasteras"]
[Date "2014.09.26"]
[Round "1.7"]
[White "Smith, Axel"]
[Black "Knutsson, Hakan"]
[Result "1-0"]
[WhiteElo "2481"]
[BlackElo "1944"]

1.g3 d5 2.Nf3 Nf6 3.Bg2 e6 4.O-O c5 5.c4 Nc6 6.cxd5 exd5 7.d4 c4 8.b3 cxb3
9.Qxb3 Rb8 10.Nc3 Be6 11.Qa4 a6 12.Ne5 Qc7 13.Bf4 Bd6 14.Nxc6 bxc6 15.Bxd6
Qxd6 16.Qxa6 O-O 17.a4 Ra8 18.Qd3 Qd7 19.e4 dxe4 20.Nxe4 Nd5 21.Nc5 Qd6 
22.Rfe1 Rfe8 23.a5 Bd7 24.Rxe8+ Rxe8 25.a6 Nb4 26.Qc4 1-0

[Event "Vasteras Open"]
[Site "Vasteras"]
[Date "2014.09.26"]
[Round "1.8"]
[White "Bengtsson, Jessica"]
[Black "Semcesen, Daniel"]
[Result "0-1"]
[WhiteElo "1943"]
[BlackElo "2472"]

1.e4 e5 2.Nf3 Nc6 3.Bb5 Nd4 4.Nxd4 exd4 5.d3 Bc5 6.O-O c6 7.Bc4 d6 8.a4 
Ne7 9.Bf4 O-O 10.Nd2 a5 11.Nf3 Ng6 12.Bd2 h6 13.h3 d5 14.exd5 cxd5 15.Bb5 
Qf6 16.c3 dxc3 17.bxc3 Bf5 18.Nh2 Rad8 19.d4 Bd6 20.Ng4 Qh4 21.Re1 Be4 22.
c4 b6 23.Rc1 f5 24.Nh2 Nf4 25.Bxf4 Bxf4 26.Rc3 Bxh2+ 27.Kxh2 Qxf2 28.Re2 
Qf4+ 29.g3 Qd6 30.c5 Qc7 31.Qb3 Kh8 32.cxb6 Qxb6 33.Qd1 Qb8 34.Rf2 f4 35.
Qg1 fxg3+ 36.Rxg3 Rxf2+ 37.Qxf2 Rf8 0-1

[Event "Vasteras Open"]
[Site "Vasteras"]
[Date "2014.09.26"]
[Round "2.1"]
[White "Rydstrom, Tom"]
[Black "Kunin, Vitaly"]
[Result "0-1"]
[WhiteElo "2135"]
[BlackElo "2580"]

1.e4 d6 2.d4 Nf6 3.Nc3 Nbd7 4.Nf3 e5 5.dxe5 dxe5 6.Bc4 Be7 7.O-O O-O 8.h3 
c6 9.Re1 b5 10.Bf1 Qc7 11.a4 b4 12.Nb1 Nc5 13.Nbd2 Rd8 14.Qe2 a5 15.Qe3 h6
16.Bc4 Be6 17.b3 Bxc4 18.Nxc4 Ncxe4 19.Qb6 Qxb6 20.Nxb6 Bc5 21.Be3 Bxb6 
22.Bxb6 Rd5 23.Bc7 Nc3 24.Bxe5 Nfe4 25.Bxc3 Nxc3 26.Re7 Rad8 27.Ra7 Ne2+ 
28.Kh2 Rc5 29.Re1 Rxc2 30.Rxa5 Nc1 31.Ra7 Nxb3 32.Ree7 Rf8 33.Ne5 Rxf2 34.
Nxc6 Nc5 35.Nxb4 Rb8 36.Nd5 Rbb2 37.Ne3 Ra2 38.a5 Nd3 39.Kg3 Ne1 40.Ng4 
Rxg2+ 41.Kf4 Nd3+ 42.Kf3 Kh7 43.a6 h5 44.Ne3 Rgf2+ 45.Ke4 Nc5+ 46.Kd4 Nxa6
47.Rxf7 Ra4+ 48.Ke5 Rxf7 49.Rxf7 Nc5 50.Nf5 Nd3+ 51.Kd5 Kg6 52.Rf8 Nf4+ 
53.Ke5 Nxh3 54.Ne7+ Kg5 55.Rg8 Ra5+ 56.Ke4 Kf6 57.Nd5+ Kf7 58.Rb8 Ng5+ 59.
Kd4 Ne6+ 60.Ke4 Nc5+ 61.Kf4 Nd7 0-1

[Event "Vasteras Open"]
[Site "Vasteras"]
[Date "2014.09.26"]
[Round "2.2"]
[White "Solodovnitjenko, Jurij"]
[Black "Isetoft, Daniel"]
[Result "1-0"]
[WhiteElo "2566"]
[BlackElo "2132"]

1.e4 c5 2.Nf3 d6 3.d4 cxd4 4.Nxd4 Nf6 5.Nc3 a6 6.Bg5 Nbd7 7.Bc4 Qb6 8.O-O 
Qxb2 9.Nd5 Nxd5 10.Bxd5 Nc5 11.Nb3 Nxb3 12.axb3 e6 13.Qd3 exd5 14.exd5 Be7
15.Rae1 f6 16.Bc1 Qa2 17.Qg3 Kf7 18.Rxe7+ 1-0

[Event "Vasteras Open"]
[Site "Vasteras"]
[Date "2014.09.26"]
[Round "2.3"]
[White "Lindborg, Patrik"]
[Black "Berg, Emanuel"]
[Result "0-1"]
[WhiteElo "2132"]
[BlackElo "2555"]

1.d4 Nf6 2.c4 g6 3.Nf3 Bg7 4.g3 c5 5.d5 d6 6.Bg2 e6 7.O-O exd5 8.cxd5 O-O 
9.Nc3 Re8 10.Nd2 a6 11.a4 Nbd7 12.Nc4 Ne5 13.Na3 Bd7 14.f4 Neg4 15.Nc4 Qe7
16.h3 b5 17.axb5 Bxb5 18.Nxb5 axb5 19.Rxa8 Rxa8 20.hxg4 bxc4 21.Bf3 Ne4 
22.Kg2 c3 23.bxc3 Nxc3 24.Qd3 Ra2 25.Rf2 Qb7 26.e4 Rxf2+ 27.Kxf2 Qb3 28.
Kg2 c4 29.Qe3 Na2 30.Kh3 Qxe3 31.Bxe3 c3 32.e5 c2 33.exd6 c1=Q 34.Bxc1 
Nxc1 35.d7 Bf6 36.g5 Bd8 37.Kg4 Kf8 38.d6 Nb3 39.Bc6 Nd4 40.Ba4 Nf5 41.Kf3
Nxd6 42.g4 Ke7 43.f5 Ba5 44.fxg6 hxg6 45.Kf4 Bc3 46.Ke3 Bb2 47.Kd3 Bc1 0-1

[Event "Vasteras Open"]
[Site "Vasteras"]
[Date "2014.09.26"]
[Round "2.4"]
[White "Hillarp, Persson Tiger"]
[Black "Unander, Matts"]
[Result "1-0"]
[WhiteElo "2552"]
[BlackElo "2111"]

1.d4 Nf6 2.c4 e6 3.Nc3 Bb4 4.e3 O-O 5.Bd3 c5 6.Nf3 Bxc3+ 7.bxc3 Nc6 8.e4 
d6 9.Bg5 e5 10.d5 Nb8 11.Nd2 Re8 12.Nf1 Nbd7 13.Ne3 Nf8 14.Qf3 h6 15.Bxf6 
Qxf6 16.Qxf6 gxf6 17.g3 Ng6 18.Kd2 Ne7 19.f3 Bd7 20.Rhf1 Rab8 21.f4 b5 22.
fxe5 fxe5 23.Rf6 Nc8 24.cxb5 Bxb5 25.Rb1 Kg7 26.Rxb5 1-0

[Event "Vasteras Open"]
[Site "Vasteras"]
[Date "2014.09.26"]
[Round "2.5"]
[White "Kimari, Patrick"]
[Black "Johannessen, Leif Erlend"]
[Result "1/2-1/2"]
[WhiteElo "2125"]
[BlackElo "2526"]

1.e4 e6 2.d4 d5 3.e5 c5 4.c3 Nc6 5.Be3 Nge7 6.Qd2 Nf5 7.Nf3 Be7 8.Bd3 Nxe3
9.fxe3 O-O 10.O-O f5 11.exf6 Bxf6 12.Qc2 g6 13.Nbd2 Qe7 14.Rf2 Bd7 15.Raf1
Bg7 16.dxc5 Bh6 17.Re2 Qxc5 18.Bxg6 Qe7 19.Bd3 e5 20.e4 d4 21.Bc4+ Kh8 22.
cxd4 exd4 23.Bd5 Nb4 24.Qb3 d3 25.Ree1 Nc2 26.Rc1 Bg4 27.Qc3+ Bg7 28.Qxd3 
Nb4 29.Qb3 1/2-1/2

[Event "Vasteras Open"]
[Site "Vasteras"]
[Date "2014.09.26"]
[Round "2.6"]
[White "Blomqvist, Erik"]
[Black "Jonsson, Krister"]
[Result "1-0"]
[WhiteElo "2506"]
[BlackElo "2106"]

1.e4 e6 2.d4 d5 3.Nc3 Nf6 4.Bg5 Bb4 5.e5 h6 6.Bc1 Ne4 7.Qg4 g6 8.Ne2 c5 9.
a3 Bxc3+ 10.bxc3 h5 11.Qf4 g5 12.Qe3 Qa5 13.f3 cxd4 14.Qxd4 Nc6 15.Qe3 Nc5
16.Qxg5 Ne7 17.Rb1 Bd7 18.Rb4 Ba4 19.Nd4 Qc7 20.Rxa4 Nxa4 21.Bb5+ Kf8 22.
Bxa4 Qxc3+ 23.Qd2 Qc5 24.Qf4 Kg8 25.Bd2 a5 26.Qg5+ Ng6 27.Nxe6 Qe7 28.Qxe7
Nxe7 29.Nd4 Rc8 30.Bb5 b6 31.Bg5 Ng6 32.Bf6 Rh6 33.Kd2 h4 34.Rb1 Rh5 35.
Bd7 Rb8 36.Bg4 Rh7 37.Nc6 Rb7 38.Rb5 Nf4 39.Ne7+ Kf8 40.Nxd5 Nxg2 41.Nxb6 
Kg8 42.Rc5 Rb8 43.Nd5 h3 44.Rxa5 1-0

[Event "Vasteras Open"]
[Site "Vasteras"]
[Date "2014.09.26"]
[Round "2.7"]
[White "Hallerod, Ralph"]
[Black "Smith, Axel"]
[Result "0-1"]
[WhiteElo "2115"]
[BlackElo "2481"]

1.d4 Nf6 2.c4 g6 3.Nc3 d5 4.Bf4 Bg7 5.e3 c5 6.dxc5 Qa5 7.Qa4+ Qxa4 8.Nxa4 
Bd7 9.Nc3 Ne4 10.Nxd5 Na6 11.O-O-O e6 12.Nc7+ Nxc7 13.Bxc7 Nxf2 14.Nh3 
Nxh1 15.Be2 Rc8 16.Bd6 Bc6 17.Bf3 Bxf3 18.gxf3 b6 19.Rxh1 bxc5 20.Nf2 Rc6 
21.Bf4 O-O 22.Rd1 e5 23.Bg5 f6 24.Bh4 g5 25.Bg3 f5 26.Nd3 f4 27.exf4 exf4 
28.Bf2 Rd8 29.Nxc5 Bxb2+ 30.Kc2 Rxd1 31.Kxd1 Ba3 32.Ne4 Rxc4 33.Bxa7 h6 
34.Bf2 Rc1+ 35.Ke2 Rh1 36.Kd3 Rxh2 37.Nf6+ Kf7 38.Ng4 Rh3 39.Ke4 Rh1 40.
Kf5 Bb2 41.a4 Bg7 42.a5 h5 43.Kxg5 hxg4 44.Kxf4 gxf3 45.Kxf3 Ke6 46.a6 Ra1
47.a7 Ke5 0-1

[Event "Vasteras Open"]
[Site "Vasteras"]
[Date "2014.09.26"]
[Round "2.8"]
[White "Semcesen, Daniel"]
[Black "Horbing, Stefan"]
[Result "1-0"]
[WhiteElo "2472"]
[BlackElo "2103"]

1.d4 d5 2.c4 c6 3.Nf3 Nf6 4.Qb3 dxc4 5.Qxc4 Bf5 6.g3 e6 7.Bg2 Nbd7 8.O-O 
Be7 9.e3 O-O 10.Qe2 c5 11.Rd1 Qb6 12.Nc3 Rfd8 13.e4 Bg4 14.Be3 Rac8 15.h3 
Bh5 16.g4 Bg6 17.Ne5 cxd4 18.Bxd4 Qa5 19.Nxg6 hxg6 20.e5 Nd5 21.Nxd5 exd5 
22.Bc3 Qb6 23.Rxd5 Nc5 24.Rad1 Ne6 25.Qf3 g5 26.Rxd8+ Rxd8 27.Rxd8+ Qxd8 
28.Qxb7 Qd1+ 29.Kh2 Bc5 30.Qa8+ Kh7 31.Qd5 Qxd5 32.Bxd5 Bxf2 33.Bxe6 fxe6 
34.Kg2 Be3 35.Kf3 Bf4 36.Ke4 Kg6 37.Kd4 Kf7 38.Kc5 Ke7 39.Kc6 Bg3 40.Bb4+ 
Kf7 41.Bd6 Ke8 42.Bc7 Ke7 43.b4 1-0

[Event "Vasteras Open"]
[Site "Vasteras"]
[Date "2014.09.26"]
[Round "3.1"]
[White "Kunin, Vitaly"]
[Black "Janse, Rasmus"]
[Result "1/2-1/2"]
[WhiteElo "2580"]
[BlackElo "2227"]

1.d4 c5 2.d5 Nf6 3.c4 e6 4.Nc3 exd5 5.cxd5 d6 6.Nf3 g6 7.Bf4 a6 8.a4 Bg7 
9.h3 O-O 10.e3 Ne8 11.Be2 Nd7 12.O-O Ne5 13.a5 Nxf3+ 14.Bxf3 b5 15.axb6 
Rb8 16.Na4 Bd7 17.Be2 Bxa4 18.Rxa4 Rxb6 19.Rxa6 Bxb2 20.Ra7 Qb8 21.Qa4 Nc7
22.Rd1 Rd8 23.h4 Be5 24.Bxe5 dxe5 25.h5 Nb5 26.Bxb5 Rxb5 27.d6 Rb1 28.Rxb1
Qxb1+ 29.Kh2 Qf5 30.hxg6 hxg6 31.Qh4 Qh5 32.Qxh5 gxh5 33.Re7 f6 34.d7 Kf8 
35.Rh7 Kg8 36.Re7 Kf8 37.Re6 Kf7 38.Rd6 Ke7 39.Rd5 c4 40.Rc5 Rxd7 41.Rxc4 
Kf7 42.Kg3 Kg6 43.Rc8 Rd2 44.Rg8+ Kf7 45.Ra8 Kg6 46.f3 Rb2 47.Kh3 Kf7 48.
e4 Kg7 49.Rc8 Ra2 50.Rc1 Rb2 51.Rh1 Kg6 52.Kg3 Rc2 53.Rf1 Ra2 54.Rd1 Rb2 
55.Rd8 Kg7 56.Rd6 Kg6 57.Kh2 Ra2 58.Kh3 Rb2 59.f4 exf4 60.e5 Kg5 61.exf6 
Rb3+ 62.Kh2 Kg6 63.Kg1 f3 64.gxf3 Rxf3 65.Kg2 Rxf6 66.Rxf6+ Kxf6 1/2-1/2

[Event "Vasteras Open"]
[Site "Vasteras"]
[Date "2014.09.26"]
[Round "3.2"]
[White "Angskog, Kent"]
[Black "Solodovnitjenko, Jurij"]
[Result "0-1"]
[WhiteElo "2208"]
[BlackElo "2566"]

1.Nf3 c5 2.c3 Nf6 3.d4 e6 4.Bg5 Nc6 5.e3 h6 6.Bh4 cxd4 7.exd4 g5 8.Bg3 d6 
9.Nbd2 g4 10.Ng1 h5 11.Bh4 Be7 12.Bb5 Bd7 13.Ne2 Qc7 14.O-O O-O-O 15.c4 
Kb8 16.Rc1 Nh7 17.Bxe7 Nxe7 18.Qa4 h4 19.b4 h3 20.g3 Ng5 21.Nf4 Nc6 22.
Bxc6 Qxc6 23.Qxc6 Bxc6 24.d5 exd5 25.Nxd5 Bxd5 26.cxd5 Rhe8 27.Rfe1 Re5 
28.Kf1 Rxd5 29.Rc2 Rxd2 30.Rxd2 Nf3 31.Red1 Nxh2+ 32.Ke2 Re8+ 33.Kd3 Nf3 
34.Re2 Rxe2 35.Kxe2 h2 36.Rh1 d5 37.Ke3 d4+ 38.Kf4 d3 39.Kxg4 Ng1 40.Rxh2 
d2 41.Rh8+ Kc7 0-1

[Event "Vasteras Open"]
[Site "Vasteras"]
[Date "2014.09.26"]
[Round "3.4"]
[White "Ask, Josef"]
[Black "Hillarp, Persson Tiger"]
[Result "0-1"]
[WhiteElo "2206"]
[BlackElo "2552"]

1.e4 g6 2.Bc4 Bg7 3.Nc3 c5 4.d3 Nc6 5.a3 e6 6.f4 Nge7 7.Nf3 d5 8.Ba2 dxe4 
9.Nxe4 O-O 10.O-O b6 11.c3 Ba6 12.Bb1 Qd5 13.Qe2 Rad8 14.Rd1 e5 15.fxe5 
Nxe5 16.Nxe5 Qxe5 17.Qf2 Qxe4 0-1

[Event "Vasteras Open"]
[Site "Vasteras"]
[Date "2014.09.26"]
[Round "3.5"]
[White "Adler, Bo"]
[Black "Blomqvist, Erik"]
[Result "0-1"]
[WhiteElo "2197"]
[BlackElo "2506"]

1.d4 d5 2.c4 c6 3.Nc3 Nf6 4.Nf3 dxc4 5.e4 b5 6.Qc2 e6 7.Be2 Bb7 8.O-O Nbd7
9.Bg5 Qb6 10.Rfe1 h6 11.Bh4 a6 12.Rad1 Rc8 13.Bf1 g5 14.Bg3 Nh5 15.Ne5 
Nxg3 16.Nxd7 Kxd7 17.hxg3 Kc7 18.d5 e5 19.b3 cxb3 20.Qxb3 Bc5 21.dxc6 Bxc6
22.Qxf7+ Kb8 23.Qf6 Rhf8 24.Qxe5+ Rc7 25.Re2 Bxf2+ 26.Kh2 Re8 27.Qd6 Qc5 
28.e5 Bg1+ 29.Kh1 Qxc3 30.Kxg1 Qxg3 0-1

[Event "Vasteras Open"]
[Site "Vasteras"]
[Date "2014.09.26"]
[Round "3.6"]
[White "Smith, Axel"]
[Black "Etxagibel, Larranaga Asier"]
[Result "1-0"]
[WhiteElo "2481"]
[BlackElo "2183"]

1.d4 d5 2.c4 c6 3.Nf3 Nf6 4.Nc3 a6 5.e3 Bg4 6.h3 Bxf3 7.Qxf3 e6 8.Bd2 Be7 
9.Bd3 O-O 10.O-O Nbd7 11.Rfe1 Rc8 12.Rac1 Bd6 13.e4 dxe4 14.Nxe4 Nxe4 15.
Qxe4 Nf6 16.Qh4 Be7 17.Bg5 g6 18.Rcd1 Nd5 19.Bxe7 Nxe7 20.Be4 Nf5 21.Qxd8 
Rfxd8 22.d5 exd5 23.cxd5 c5 24.Bxf5 gxf5 25.Re5 Rd6 26.Rxf5 c4 27.Kf1 Re8 
28.Re1 Red8 29.Re7 b5 30.Rfxf7 Rxd5 31.Rg7+ Kh8 32.Rxh7+ Kg8 33.Reg7+ Kf8 
34.Rf7+ Kg8 35.g4 Rd2 36.Rfg7+ Kf8 37.Rc7 Kg8 38.Rhg7+ Kh8 39.h4 Rxb2 40.
h5 c3 41.h6 1-0

[Event "Vasteras Open"]
[Site "Vasteras"]
[Date "2014.09.26"]
[Round "3.7"]
[White "Nyander, Joakim"]
[Black "Semcesen, Daniel"]
[Result "0-1"]
[WhiteElo "2185"]
[BlackElo "2472"]

1.d4 f5 2.Bf4 Nf6 3.e3 g6 4.h4 h6 5.Nf3 d6 6.Bc4 e6 7.Nbd2 Bg7 8.c3 Qe7 9.
Qe2 Nbd7 10.O-O-O e5 11.dxe5 dxe5 12.Bh2 e4 13.Nd4 Ne5 14.Bb3 a6 15.Kb1 c5
16.Nc2 b5 17.c4 Bd7 18.f3 Bc6 19.Ne1 b4 20.Bc2 a5 21.Rg1 a4 22.g4 fxg4 23.
Nxe4 Nxe4 24.Bxe4 Bxe4+ 25.fxe4 h5 26.Rd5 O-O 27.Bf4 a3 28.b3 Rae8 29.Bg5 
Qe6 30.Rf1 Nf3 31.Nxf3 Qxe4+ 32.Qc2 Rxf3 33.Rxf3 gxf3 34.Qxe4 Rxe4 35.Rd2 
Rg4 36.Rf2 Rg1+ 37.Kc2 Rg2 0-1

[Event "Vasteras Open"]
[Site "Vasteras"]
[Date "2014.09.26"]
[Round "3.8"]
[White "Akesson, Ralf"]
[Black "Norlin, Egor"]
[Result "1-0"]
[WhiteElo "2471"]
[BlackElo "2177"]

1.d4 e6 2.c4 Nf6 3.Nc3 Bb4 4.Qc2 O-O 5.a3 Bxc3+ 6.Qxc3 Ne4 7.Qc2 f5 8.Nh3 
b6 9.f3 Nf6 10.e3 Bb7 11.Bd3 d6 12.O-O Nbd7 13.b4 c5 14.Bb2 Qe7 15.Rae1 
Rac8 16.bxc5 dxc5 17.d5 exd5 18.Bxf5 dxc4 19.e4 c3 20.Bxc3 g6 21.e5 Nd5 
22.Be4 Rc7 23.Bd2 Qxe5 24.Ng5 N7f6 25.Bxd5+ Qxd5 26.Ne6 Rfc8 27.Nxc7 Rxc7 
28.Bc3 Kf7 29.Rd1 Qg5 30.Bxf6 Qxf6 31.Qc4+ Qe6 32.Qf4+ 1-0

[Event "Vasteras Open"]
[Site "Vasteras"]
[Date "2014.09.26"]
[Round "4.3"]
[White "Hillarp, Persson Tiger"]
[Black "Persson, Mats"]
[Result "1-0"]
[WhiteElo "2552"]
[BlackElo "2239"]

1.d4 d5 2.c4 e6 3.Nc3 c5 4.e3 Nf6 5.Nf3 Nc6 6.cxd5 exd5 7.Bb5 Bd6 8.O-O 
O-O 9.dxc5 Bxc5 10.b3 Bg4 11.Ne2 Bxf3 12.gxf3 a6 13.Bxc6 bxc6 14.Bb2 Rc8 
15.Ng3 Re8 16.Qd3 a5 17.Kh1 Bd6 18.Rg1 Be5 19.Bxe5 Rxe5 20.Qd4 Re6 21.Rac1
g6 22.Rc2 Rb8 23.Rgc1 Rb4 24.Qa7 d4 25.e4 d3 26.Rd2 h5 27.Qe3 Rd4 28.Rcd1 
h4 29.Rxd3 Rxd3 30.Rxd3 Nd5 31.Qd2 hxg3 32.hxg3 Rd6 33.exd5 cxd5 34.Rd4 
Qd7 35.Kg2 Qb5 36.f4 Rd7 37.f5 Kg7 38.Qg5 Qc6 39.fxg6 fxg6 40.Qe5+ Kg8 41.
g4 Qd6 42.Qxd6 Rxd6 43.Kf3 g5 44.Ke3 Kf7 45.Ra4 Re6+ 46.Kf3 Ra6 47.Ke3 Ke6
48.b4 Ke5 49.Rxa5 Rc6 50.Rc5 Ra6 51.Rc2 Ra3+ 52.Ke2 Ke4 53.b5 d4 54.Rb2 
Ra7 55.b6 Rb7 56.a4 1-0

[Event "Vasteras Open"]
[Site "Vasteras"]
[Date "2014.09.27"]
[Round "5.1"]
[White "Akesson, Ralf"]
[Black "Solodovnitjenko, Jurij"]
[Result "0-1"]
[WhiteElo "2471"]
[BlackElo "2566"]

1.d4 d5 2.Nf3 c6 3.c4 e6 4.e3 Nd7 5.b3 Bb4+ 6.Bd2 Bd6 7.Nc3 f5 8.Bd3 Nh6 
9.h3 O-O 10.g4 e5 11.cxd5 e4 12.dxc6 Nb6 13.Nxe4 fxe4 14.Bxe4 bxc6 15.Qc2 
Be6 16.Bxh7+ Kh8 17.Be4 Bd5 18.g5 Nf5 19.Rg1 Qe7 20.Rg4 Kg8 21.Ke2 g6 22.
Nh4 Qh7 23.Bxd5+ cxd5 24.Nxf5 gxf5 25.Rg2 Qxh3 26.Kf1 Kg7 27.Qc6 Rad8 28.
f4 Qh1+ 29.Kf2 Qxa1 30.Bb4 Qxa2+ 31.Kf3 Qxb3 32.Bxd6 Rxd6 0-1

[Event "Vasteras Open"]
[Site "Vasteras"]
[Date "2014.09.27"]
[Round "5.2"]
[White "Berg, Emanuel"]
[Black "Semcesen, Daniel"]
[Result "1/2-1/2"]
[WhiteElo "2555"]
[BlackElo "2472"]

1.e4 e5 2.Nf3 Nc6 3.Bb5 Nge7 4.c3 d5 5.Nxe5 dxe4 6.d4 exd3 7.Qf3 Be6 8.O-O
Qd5 9.Qxd5 Bxd5 10.Nxd3 a6 11.Ba4 O-O-O 12.Nf4 Bc4 13.Re1 Ng6 14.Bxc6 bxc6
15.Nd2 Nxf4 16.Nxc4 Nd3 17.Re2 Ne5 18.Nd2 f6 19.Kf1 Bc5 20.f3 Rhe8 21.b3 
f5 1/2-1/2

[Event "Vasteras Open"]
[Site "Vasteras"]
[Date "2014.09.27"]
[Round "5.3"]
[White "Westerberg, Jonathan"]
[Black "Hillarp Persson, Tiger"]
[Result "1/2-1/2"]
[WhiteElo "2414"]
[BlackElo "2552"]

1.e4 c5 2.Nf3 d6 3.d4 cxd4 4.Nxd4 Nf6 5.Nc3 a6 6.f4 e5 7.Nf3 Nbd7 8.Bc4 
Be7 9.a4 Qa5 10.Qe2 b5 11.Bb3 O-O 12.Bd2 b4 13.Nd5 Nxd5 14.Bxd5 Rb8 15.
fxe5 dxe5 16.O-O Bb7 17.c4 bxc3 18.Bxc3 Qb6+ 19.Kh1 Bxd5 20.exd5 f6 21.Nh4
Rf7 22.Nf5 Bf8 23.Rad1 Nc5 24.Qg4 g6 25.d6 Qb3 26.Ne7+ Bxe7 27.dxe7 Rxe7 
28.Rxf6 Ne4 29.Rff1 Nxc3 30.bxc3 Qxc3 31.Qh4 Rbe8 32.Qe4 Qc7 33.Rc1 Rf7 
34.Rfe1 Qd7 35.Rcd1 Qf5 36.Qc4 Qe6 37.Qc5 e4 38.Rd6 Qe7 39.Qd5 Qe5 40.Qxe5
Rxe5 41.Rxa6 Rf2 42.Kg1 Ra2 43.Ra7 e3 44.h3 e2 45.a5 Rexa5 1/2-1/2

[Event "Vasteras Open"]
[Site "Vasteras"]
[Date "2014.09.27"]
[Round "5.4"]
[White "Andersson, Tommy"]
[Black "Blomqvist, Erik"]
[Result "1-0"]
[WhiteElo "2337"]
[BlackElo "2506"]

1.d4 Nf6 2.c4 e6 3.Nf3 d5 4.Nc3 c6 5.e3 Nbd7 6.Qc2 b6 7.Bd3 Bb7 8.O-O dxc4
9.Bxc4 c5 10.Rd1 Be7 11.dxc5 Qc7 12.Nb5 Qxc5 13.b4 Qc8 14.Qb3 a6 15.Nbd4 
b5 16.Bxe6 fxe6 17.Nxe6 Qc4 18.Qxc4 bxc4 19.Nc7+ Kf7 20.Nxa8 Bxf3 21.gxf3 
Rxa8 22.Bb2 Bxb4 23.Rac1 Nb6 24.Bd4 Nfd7 25.Rb1 Ba5 26.Bxb6 Nxb6 27.Rd6 
Rb8 28.Rc6 c3 29.Rb3 Rd8 30.Kg2 Ke7 31.Rcxb6 Bxb6 32.Rxb6 Rc8 33.Rb1 Kd6 
34.Kf1 Kc5 35.Ke2 Kc4 36.Rb7 Rd8 37.e4 Rd2+ 38.Ke3 Rxa2 39.Rc7+ Kb3 40.e5 
Ra1 41.Rb7+ Kc2 42.Ke2 Ra5 43.f4 g5 44.Ke3 gxf4+ 45.Kxf4 Kd2 46.Rd7+ Kc1 
47.e6 c2 48.e7 Kb1 49.Rc7 1-0

[Event "Vasteras Open"]
[Site "Vasteras"]
[Date "2014.09.27"]
[Round "5.5"]
[White "Smith, Axel"]
[Black "Tari, Aryan"]
[Result "1/2-1/2"]
[WhiteElo "2481"]
[BlackElo "2456"]

1.d4 Nf6 2.c4 g6 3.Nc3 d5 4.cxd5 Nxd5 5.e4 Nxc3 6.bxc3 Bg7 7.Nf3 c5 8.Rb1 
O-O 9.Be2 cxd4 10.cxd4 Qa5+ 11.Bd2 Qxa2 12.O-O Bg4 13.Be3 Nc6 14.d5 Na5 
15.Bg5 b6 16.Bxe7 Rfe8 17.d6 Nc6 18.Bb5 Nxe7 19.Bxe8 Rxe8 20.dxe7 Qa3 21.
h3 Bxf3 22.Qxf3 Qxf3 23.gxf3 Rxe7 24.Rfd1 Be5 25.Kf1 Kg7 26.Ke2 Rc7 27.
Rbc1 Rxc1 28.Rxc1 Kf6 29.Ke3 Ke6 30.Kd3 Bd6 31.Kc4 Bc5 32.Rc2 Ke5 33.Rd2 
a5 34.Kb5 h5 35.Rd7 f6 36.Rg7 g5 37.Rd7 Kf4 38.Rd5 Kxf3 39.Rf5+ Kxe4 40.
Rxf6 Ke5 41.Rf7 Ke6 42.Rf3 h4 43.Ka4 Ke5 44.Kb5 Ke4 45.Rf6 Bd4 46.Rf7 Be5 
47.Kxb6 a4 48.Kb5 a3 49.Ra7 Bb2 50.Kc4 Kf3 51.Kb3 Kxf2 52.Ra4 Kg3 53.Rg4+ 
Kxh3 54.Rxg5 Bc1 55.Rc5 Bf4 56.Rc3+ Kg2 57.Kxa3 h3 58.Rxh3 Bd6+ 59.Kb2 
Kxh3 1/2-1/2

[Event "Vasteras Open"]
[Site "Vasteras"]
[Date "2014.09.27"]
[Round "5.6"]
[White "Kunin, Vitaly"]
[Black "Hedman, Erik"]
[Result "1-0"]
[WhiteElo "2580"]
[BlackElo "2362"]

1.d4 Nf6 2.Nf3 e6 3.c4 c5 4.d5 d6 5.Nc3 exd5 6.cxd5 g6 7.Bf4 a6 8.a4 Qe7 
9.h3 Nbd7 10.e3 Bg7 11.Be2 O-O 12.O-O Ne8 13.Nd2 f5 14.Nc4 b6 15.Qc2 Rb8 
16.Rab1 Ne5 17.b4 Nxc4 18.Bxc4 cxb4 19.Rxb4 Nf6 20.Rfb1 Nd7 21.Ne2 g5 22.
Bh2 f4 23.exf4 Nc5 24.g4 gxf4 25.Bxf4 b5 26.Ba2 Bd7 27.axb5 Bxb5 28.Bc4 
Rbe8 29.Bxb5 axb5 30.Ng3 Qh4 31.Bxd6 Rxf2 32.Kxf2 Qxh3 33.Rh1 1-0

[Event "Vasteras Open"]
[Site "Vasteras"]
[Date "2014.09.27"]
[Round "5.7"]
[White "Karlsson, Lars"]
[Black "Olsson, Krister"]
[Result "1-0"]
[WhiteElo "2425"]
[BlackElo "2337"]

1.b3 e5 2.Bb2 Nc6 3.Nf3 d6 4.c4 g6 5.d4 Bg7 6.dxe5 Be6 7.Nd4 Nxd4 8.Qxd4 
Ne7 9.Nc3 Nf5 10.Qd2 dxe5 11.Qxd8+ Rxd8 12.e3 O-O 13.Ne4 Rfe8 14.Rd1 Nh4 
15.Rxd8 Rxd8 16.Nd2 Nf5 17.h4 h5 18.Be2 f6 19.Bf3 Bf8 20.Ne4 Kf7 21.Ke2 
Nd6 22.Nxd6+ Rxd6 23.Bxb7 Rb6 24.Bd5 Ra6 25.Bxe6+ Kxe6 26.Ra1 Ba3 27.Bxa3 
Rxa3 28.Kd3 c5 29.Kc3 Kf5 30.Kb2 Ra6 31.Rd1 Kg4 32.Rd7 Kxh4 33.Rc7 Ra5 34.
Rc6 Kg5 35.a4 e4 36.Kc3 h4 37.Kd2 Kf5 38.Ke2 g5 39.f3 exf3+ 40.gxf3 Ke5 
41.Kf2 Kf5 42.Kg2 Ke5 43.Kh2 f5 44.Kh3 g4+ 45.fxg4 fxg4+ 46.Kxh4 Ke4 47.
Kxg4 Kxe3 48.Rd6 Ke4 49.Kg5 Ke5 50.Rd1 Ke4 51.Rd5 Ra6 52.Rxc5 Kd4 53.Rb5 
Re6 54.Kf5 Re1 55.Kf6 Re2 56.a5 Ra2 57.Ke6 Ra3 58.c5 1-0